[Event "FISU World University (Women)"]
[Site "Entebbe"]
[Date "2024.06.27"]
[Round "4"]
[White "Junu, Birua"]
[Black "Nampiima, Esther"]
[Result "0-1"]
[WhiteElo "1419"]
[BlackElo "1522"]
[PlyCount "166"]
[EventDate "2024.06.25"]
[EventType "swiss"]
[EventRounds "9"]
[EventCountry "UGA"]
[SourceTitle "CBM 220 Extra"]
[Source "ChessBase"]
[SourceDate "2024.07.31"]
[SourceVersion "1"]
[SourceVersionDate "2024.07.31"]
[SourceQuality "1"]

1. d4 d6 2. Nf3 Nf6 3. Bf4 g6 4. e3 Bg7 5. h3 Nbd7 6. Be2 0-0 7. Nbd2 b6 8. 0-0 Bb7 9. c3 Rc8 10. Re1 c5 11. Rc1 Re8 12. Bg5 a6 13. a3 b5 14. Bxf6 Nxf6 15. Bf1 c4 16. e4 Nd7 17. Qc2 Qc7 18. d5 e5 19. a4 Nc5 20. axb5 axb5 21. b3 Nxb3 22. Nxb3 cxb3 23. Qxb3 Re7 24. Qxb5 Qc5 25. Qxc5 Rxc5 26. Rc2 Rec7 27. Rb1 Bc8 28. c4 Ba6 29. Rb8+ Bf8 30. Nd2 Kg7 31. Nb3 Rxc4 32. Bxc4 Rxc4 33. Rxc4 Bxc4 34. Na5 Bd3 35. f3 f5 36. Rb4 Be7 37. Nc6 Bf8 38. Rb7+ Kf6 39. Rb3 fxe4 40. Rxd3 exd3 41. Kf1 Kf5 42. g3 e4 43. Kf2 exf3 44. Kxf3 Bh6 45. Nb4 d2 46. Ke2 Ke4 47. g4 Bf4 48. Kd1 Kd4 49. Ke2 Kc4 50. Na6 Kxd5 51. Nc7+ Kc4 52. Ne6 Bh6 53. g5 Kd5 54. gxh6 Kxe6 55. Kxd2 Kf5 56. Ke3 Kg5 57. Kf3 Kxh6 58. h4 Kh5 59. Kg3 d5 60. Kh3 d4 61. Kg3 d3 62. Kf2 Kxh4 63. Ke3 g5 64. Kxd3 g4 65. Ke2 Kh3 66. Kf2 Kh2 67. Ke3 g3 68. Kf3 g2 69. Kg4 g1Q+ 70. Kf4 Qg3+ 71. Kf5 Kh3 72. Kf6 Qg4 73. Ke7 Qg6 74. Kf8 Kh4 75. Ke7 Kh5 76. Kf8 Qf6+ 77. Ke8 Qg7 78. Kd8 Kg6 79. Kc8 Kf6 80. Kb8 Ke6 81. Ka8 Kd6 82. Kb8 Kc6 83. Ka8 Qb7# 0-1

[Event "FISU World University (Women)"]
[Site "Entebbe"]
[Date "2024.06.25"]
[Round "1"]
[White "Nampiima, Esther"]
[Black "Antolak, Julia"]
[Result "0-1"]
[WhiteElo "1522"]
[BlackElo "2306"]
[PlyCount "68"]
[EventDate "2024.06.25"]
[EventType "swiss"]
[EventRounds "9"]
[EventCountry "UGA"]
[SourceTitle "CBM 220 Extra"]
[Source "ChessBase"]
[SourceDate "2024.07.31"]
[SourceVersion "1"]
[SourceVersionDate "2024.07.31"]
[SourceQuality "1"]

1. Nf3 c5 2. e4 e6 3. d4 cxd4 4. Nxd4 Nf6 5. Nc3 d6 6. Be2 Be7 7. 0-0 Nc6 8. Nf3 a6 9. a3 b5 10. b4 Bb7 11. Bb2 0-0 12. Bd3 Qc7 13. Re1 Rfd8 14. Qe2 Nd7 15. Nd1 Rac8 16. e5 Ncxe5 17. Nxe5 Nxe5 18. Bxe5 dxe5 19. Rb1 Bf6 20. Rc1 h6 21. c4 Bg5 22. Rc2 Qc6 23. Be4 Qxe4 24. Qxe4 Bxe4 25. Rce2 Bd3 26. Rxe5 bxc4 27. Ne3 Bxe3 28. R5xe3 c3 29. Rc1 c2 30. h3 Bg6 31. a4 Rd1+ 32. Re1 Rxe1+ 33. Rxe1 c1Q 34. Rxc1 Rxc1+ 0-1